| Tag |
First Indicator |
Second Indicator |
Subfields |
| LEADER |
00000cam a22000001 4500 |
| 001 |
in00000602321 |
| 005 |
20151014103138.0 |
| 008 |
720810s1968 txu 00010 eng |
| 010 |
|
|
|a 68056991
|
| 035 |
|
|
|a (OCoLC)00393145
|
| 035 |
|
|
|9 ACR7057AM
|
| 037 |
|
|
|c 3.95
|
| 040 |
|
|
|a DLC
|c DLC
|d TXA
|d UtOrBLW
|
| 049 |
|
|
|a TXAM
|c [1572239]
|
| 050 |
0 |
0 |
|a HQ35
|b .S44
|
| 082 |
0 |
|
|a 612.6/007
|
| 100 |
1 |
|
|a Shedd, Charlie W.
|
| 245 |
1 |
4 |
|a The stork is dead /
|c by Charlie W. Shedd.
|
| 264 |
|
1 |
|a Waco, Tex. :
|b Word Books,
|c [1968]
|
| 300 |
|
|
|a 127 pages ;
|c 23 cm.
|
| 336 |
|
|
|a text
|b txt
|2 rdacontent
|
| 337 |
|
|
|a unmediated
|b n
|2 rdamedia
|
| 338 |
|
|
|a volume
|b nc
|2 rdacarrier
|
| 650 |
|
0 |
|a Sex instruction for youth.
|
| 650 |
|
0 |
|a Sexual ethics for youth.
|
| 999 |
|
|
|a MARS
|
| 999 |
f |
f |
|s e765e825-1fe6-3617-9447-fe8a54cc9636
|i c22a9e0d-0ea4-3188-9465-f57edc18707d
|t 0
|
| 952 |
f |
f |
|p ric
|a Texas A&M University
|b Rellis Campus
|c Joint Library Facility
|d Remote Storage
|t 0
|e HQ35 .S44
|h Library of Congress classification
|i unmediated -- volume
|m A14802953222
|
| 998 |
f |
f |
|a HQ35 .S44
|t 0
|l Remote Storage
|